Quartiers à Genève sur une carte - Statistiques

Statistiques générales
  • Ce quiz a été pris 743 fois
  • Le résultat moyen est 6 sur 16
Réponses sur la Carte
Les réponses sont colorées sur une échelle allant du rouge au vert en fonction du pourcentage des utilisateurs qui les ont devinées à leur premier essai. Vous pouvez retrouver ces pourcentages ci-dessous.
 
Statistiques - réponses
Section Quartier % Correct
Cité Pâquis
77%
Eaux-Vives Eaux-Vives – Lac
75%
Plainpalais Jonction
59%
Plainpalais Champel
58%
Cité Délices – Grottes – Montbrillant
46%
Cité Cité – Centre
41%
Petit-Saconnex Charmilles – Châtelaine
40%
Plainpalais Bâtie – Acacias
37%
Petit-Saconnex O.N.U.
34%
Petit-Saconnex St-Jean – Aire
33%
Petit-Saconnex Sécheron
26%
Eaux-Vives Florissant – Malagnou
22%
Cité St-Gervais – Chantepoulet
20%
Petit-Saconnex Bouchet – Moillebeau
11%
Petit-Saconnex Grand-Pré – Vermont
11%
Plainpalais La Cluse
7%
Aucun quiz correspondant
Distribution des résultats
% des personnes avec chaque résultat
Percentile par nombre de réponses
Votre historique - résultats
Vous n’avez pas pris ce quiz